000 00331nam a22001457a 4500
999 _c262565
_d262564
003 OSt
005 20240119121225.0
008 240119b xxu||||| |||| 00| 0 eng d
020 _a0-68950244-3
040 _cN/A
100 _aCarolyn Meyer
245 _aEulalias Island
260 _aNew York
_bAtheneum
_c1982
942 _2lcc
_cBK